Catálogo

The emergence of a scientific culture : (Registro nro. 57082)

Detalles MARC
000 -LEADER
fixed length control field 00798nam a2200241 a 4500
001 - CONTROL NUMBER
control field 57082
005 - DATE AND TIME OF LATEST TRANSACTION
control field 20180714053137.0
008 - FIXED-LENGTH DATA ELEMENTS--GENERAL INFORMATION
fixed length control field 140415s2008 xxka r 000 0 spa d
020 ## - INTERNATIONAL STANDARD BOOK NUMBER
International Standard Book Number 978-0-19-929644-6
041 ## - LANGUAGE CODE
Language code of text/sound track or separate title spa
082 0# - DEWEY DECIMAL CLASSIFICATION NUMBER
Classification number 509.40902
Item number GAU
100 1# - MAIN ENTRY--PERSONAL NAME
Personal name Gaukroger, Stephen
Relator term autor
245 10 - TITLE STATEMENT
Title The emergence of a scientific culture :
Remainder of title science and the shaping of modernity 1210-1685 /
Statement of responsibility, etc. Stephen Gaukroger.
250 ## - EDITION STATEMENT
Edition statement 1a ed.
264 #1 - PRODUCTION, PUBLICATION, DISTRIBUTION, MANUFACTURE, AND COPYRIGHT NOTICE
Place of production, publication, distribution, manufacture Great Britain :
Name of producer, publisher, distributor, manufacturer Oxford University press,
Date of production, publication, distribution, manufacture, or copyright notice 2000
300 ## - PHYSICAL DESCRIPTION
Extent ix, 563 páginas :
Other physical details ilustraciones ;
Dimensions 2008.
336 ## - CONTENT TYPE
Content type term texto
Source rdacontent
337 ## - MEDIA TYPE
Media type term sin mediación
Source rdamedia
338 ## - CARRIER TYPE
Carrier type term volumen
Source rdacarrier
650 #0 - SUBJECT ADDED ENTRY--TOPICAL TERM
Topical term or geographic name entry element Ciencia
Geographic subdivision Europa
General subdivision Historia
650 #0 - SUBJECT ADDED ENTRY--TOPICAL TERM
Topical term or geographic name entry element Religion
General subdivision Ciencia
650 #0 - SUBJECT ADDED ENTRY--TOPICAL TERM
Topical term or geographic name entry element Filosofía
General subdivision Ciencia
Existencias
Withdrawn status Lost status Source of classification or shelving scheme Damaged status Not for loan Collection code Home library Current library Shelving location Date acquired Source of acquisition Inventory number Total Checkouts Full call number Barcode Date last seen Price effective from Koha item type
    Dewey Decimal Classification     General Centro de Estudios en Ciencia y Religión Centro de Estudios en Ciencia y Religión Sala general 03/12/2013 Compra 151000000000000000077843   509.40902 GAU 2008 86215 05/01/2026 20/11/2015 Libro